[Event "MK Cafe Cup-B"]
[Site "Koszalin"]
[Date "1998.??.??"]
[Round "10"]
[White "Fiodorov, Mikhail"]
[Black "Novikov, Yury A"]
[Result "0-1"]
[WhiteElo "2295"]
[BlackElo "2365"]
[PlyCount "120"]
[EventDate "1998.08.??"]
[EventType "swiss"]
[EventRounds "10"]
[EventCountry "POL"]
[SourceTitle "EXT 1999"]
[Source "ChessBase"]
[SourceDate "1998.11.16"]
[SourceVersion "1"]
[SourceVersionDate "1998.11.16"]
[SourceQuality "1"]

1. d4 Nf6 2. Nf3 d6 3. c4 Nbd7 4. Nc3 e5 5. e3 g6 6. Be2 Bg7 7. dxe5 dxe5 8. 0-0 0-0 9. b3 Re8 10. Ba3 b6 11. Qc2 Bb7 12. Rfd1 Qc8 13. Rac1 e4 14. Nd4 a6 15. Bf1 Ne5 16. Nd5 c5 17. Nxb6 Qg4 18. Bxc5 Rad8 19. Nd5 Nxd5 20. cxd5 Rxd5 21. h3 Qd7 22. b4 Rc8 23. Bc4 Nxc4 24. Qxc4 Bf8 25. Qc2 a5 26. a3 Bxc5 27. bxc5 Rdxc5 28. Qxc5 Rxc5 29. Rxc5 Qa4 30. Ra1 Ba6 31. Rc7 h5 32. Ra7 Qc4 33. Kh2 h4 34. Rb1 Kg7 35. Rb6 Bc8 36. Rb2 Qc5 37. Ra8 Qxa3 38. Rc2 Bb7 39. Ra7 Qd6+ 40. Kg1 Qb6 41. Rxb7 Qxb7 42. Rc4 Qb1+ 43. Kh2 Qa2 44. Rc2 Qd5 45. Rc6 a4 46. g4 Qa5 47. Kg2 a3 48. Rc2 a2 49. Nb3 a1Q 50. Nxa1 Qxa1 51. Rd2 Qe5 52. Ra2 Qd5 53. Rb2 Qd1 54. Ra2 Kh6 55. Rb2 Qf3+ 56. Kh2 f5 57. gxf5 Qxf5 58. Ra2 Kh5 59. Kg2 g5 60. Rd2 g4 0-1

[Event "MK Cafe Cup-A"]
[Site "Koszalin"]
[Date "1997.08.10"]
[Round "9"]
[White "Rozentalis, Eduardas"]
[Black "Novikov, Yury A"]
[Result "1-0"]
[WhiteElo "2645"]
[BlackElo "2370"]
[PlyCount "100"]
[EventDate "1997.08.03"]
[EventType "swiss"]
[EventRounds "10"]
[EventCountry "POL"]
[SourceTitle "CBM 059 Extra"]
[Source "ChessBase"]
[SourceDate "1997.09.26"]
[SourceVersion "1"]
[SourceVersionDate "1997.09.26"]
[SourceQuality "1"]

1. e4 e5 2. Nf3 d6 3. d4 Nf6 4. Nc3 Nbd7 5. Bc4 Be7 6. 0-0 0-0 7. Qe2 c6 8. h3 b5 9. dxe5 dxe5 10. Bb3 Qc7 11. Bg5 Nc5 12. Rfe1 a5 13. a4 b4 14. Bxf6 Bxf6 15. Nb1 Nxb3 16. cxb3 Ba6 17. Qc2 Be7 18. Nbd2 f6 19. Rac1 Rac8 20. Nc4 Rfd8 21. Red1 Rxd1+ 22. Rxd1 Rd8 23. Rc1 Bc8 24. Ncd2 Rd6 25. Qc4+ Kf8 26. Qe2 Qa7 27. Nc4 Ba6 28. Qc2 Bxc4 29. Qxc4 Qd7 30. Kf1 Bd8 31. Qc5 Ke8 32. Ke2 Bc7 33. Rc2 Qd8 34. Rd2 Kd7 35. Rxd6+ Bxd6 36. Qc4 Qe8 37. Qd3 Qb8 38. Nd2 Ke7 39. Qa6 Bc7 40. Qxc6 Qd8 41. Nc4 Kf8 42. g4 Kf7 43. Ne3 Qd6 44. Qc4+ Kf8 45. Nd5 Bd8 46. Qc8 Ke8 47. Kd3 Qd7 48. Qa6 Kf7 49. f3 Kg6 50. Qb5 Qe6 1-0

[Event "MK Cafe Cup-A"]
[Site "Koszalin"]
[Date "1997.08.08"]
[Round "7"]
[White "Sokolowski, Ryszard"]
[Black "Novikov, Yury A"]
[Result "1-0"]
[WhiteElo "2210"]
[BlackElo "2370"]
[PlyCount "107"]
[EventDate "1997.08.03"]
[EventType "swiss"]
[EventRounds "10"]
[EventCountry "POL"]
[SourceTitle "CBM 059 Extra"]
[Source "ChessBase"]
[SourceDate "1997.09.26"]
[SourceVersion "1"]
[SourceVersionDate "1997.09.26"]
[SourceQuality "1"]

1. Nf3 f5 2. g3 Nf6 3. d4 d6 4. Bg2 g6 5. 0-0 Bg7 6. c4 0-0 7. Nc3 Qe8 8. d5 Na6 9. Qc2 c5 10. Ng5 Nc7 11. a4 h6 12. Nh3 g5 13. f4 g4 14. Nf2 Na6 15. Re1 Qg6 16. Bd2 h5 17. e4 Nb4 18. Qb1 fxe4 19. Ncxe4 Bf5 20. Bc3 h4 21. Nxf6+ Bxf6 22. Be4 Bxe4 23. Rxe4 hxg3 24. hxg3 Qh5 25. Qd1 Kf7 26. Qxg4 Qxg4 27. Nxg4 Bxc3 28. bxc3 Na6 29. Rae1 Rae8 30. Kg2 Nb8 31. Ne3 Kg6 32. g4 Nd7 33. Nf5 Rxf5 34. gxf5+ Kf7 35. Kf3 Nf6 36. R4e2 Nd7 37. a5 b6 38. Rh1 Nf6 39. axb6 axb6 40. Ra1 Rh8 41. Ra7 Ng8 42. Kg3 Rh1 43. Re6 Rc1 44. f6 Rxc3+ 45. Kh4 Nxf6 46. Raxe7+ Kg6 47. f5+ Kxf5 48. Rf7 Rxc4+ 49. Kh3 b5 50. Rfxf6+ Kg5 51. Rf3 b4 52. Re8 Rh4+ 53. Kg2 Rg4+ 54. Kf2 1-0

[Event "MK Cafe Cup-A"]
[Site "Koszalin"]
[Date "1997.08.06"]
[Round "5"]
[White "Anisheva, Varvara"]
[Black "Novikov, Yury A"]
[Result "1/2-1/2"]
[WhiteElo "2285"]
[BlackElo "2370"]
[PlyCount "125"]
[EventDate "1997.08.03"]
[EventType "swiss"]
[EventRounds "10"]
[EventCountry "POL"]
[SourceTitle "CBM 059 Extra"]
[Source "ChessBase"]
[SourceDate "1997.09.26"]
[SourceVersion "1"]
[SourceVersionDate "1997.09.26"]
[SourceQuality "1"]

1. Nf3 d5 2. g3 Nf6 3. Bg2 c5 4. 0-0 Nc6 5. d3 e6 6. Nbd2 Be7 7. e4 b6 8. Re1 Bb7 9. exd5 exd5 10. d4 0-0 11. c3 Re8 12. Ne5 cxd4 13. Nxc6 Bxc6 14. cxd4 Bd7 15. Nf3 Bf5 16. Bf4 b5 17. Rc1 Rc8 18. Qb3 Qb6 19. Rxc8 Bxc8 20. Be5 Be6 21. Ng5 Nd7 22. Nxe6 fxe6 23. Bxd5 Nxe5 24. Bxe6+ Kh8 25. Rxe5 Qxd4 26. Qxb5 Rf8 27. Bf5 Qd6 28. Qe2 Bd8 29. Re8 g6 30. Bd7 Kg7 31. Rxf8 Qxf8 32. b3 Qc5 33. Be6 Bb6 34. Bc4 Qd4 35. Qe7+ Kh6 36. Qf8+ Qg7 37. Qf4+ g5 38. Qd2 Qe5 39. Bd5 Bd4 40. Bf3 Kg7 41. Kg2 Qf6 42. Qc2 Bb6 43. h3 Qd4 44. Be4 h6 45. Qe2 Qf6 46. Bd3 Bc5 47. Bc4 Qc6+ 48. f3 Qf6 49. Qd2 Qd6 50. Bd5 Qe5 51. f4 gxf4 52. gxf4 Qa1 53. Bc4 Bd4 54. Kf3 Kh8 55. Ke4 Bb6 56. Qg2 Qd4+ 57. Kf5 Qd7+ 58. Be6 Qd3+ 59. Qe4 Qxh3+ 60. Kg6 Qg3+ 61. Kf5 Qh3+ 62. Kg6 Qg3+ 63. Kf5 1/2-1/2

[Event "MK Cafe Cup-A"]
[Site "Koszalin"]
[Date "1997.08.03"]
[Round "1"]
[White "Krasenkow, Michal"]
[Black "Novikov, Yury A"]
[Result "1/2-1/2"]
[WhiteElo "2645"]
[BlackElo "2370"]
[PlyCount "94"]
[EventDate "1997.08.03"]
[EventType "swiss"]
[EventRounds "10"]
[EventCountry "POL"]
[SourceTitle "CBM 059 Extra"]
[Source "ChessBase"]
[SourceDate "1997.09.26"]
[SourceVersion "1"]
[SourceVersionDate "1997.09.26"]
[SourceQuality "1"]

1. d4 d6 2. Nf3 f5 3. Nc3 Nf6 4. Bg5 Ne4 5. Nxe4 fxe4 6. Nd2 Bf5 7. e3 Nc6 8. f3 exf3 9. Qxf3 Qd7 10. Bb5 a6 11. Ba4 d5 12. c4 e6 13. 0-0 Bg6 14. Rac1 Bb4 15. cxd5 exd5 16. Rxc6 bxc6 17. Rc1 Rf8 18. Qe2 Bxd2 19. Qxd2 Kf7 20. Bxc6 Qe6 21. Bxa8 Rxa8 22. Rxc7+ Kg8 23. Bf4 Rc8 24. Qc3 Rxc7 25. Qxc7 Be4 26. h3 h6 27. b4 Qg6 28. g4 h5 29. Qc8+ Kh7 30. Kf2 hxg4 31. hxg4 Qf7 32. a3 g5 33. Qc7 Qxc7 34. Bxc7 Bc2 35. Ke2 Kg6 36. Bd8 Ba4 37. e4 dxe4 38. d5 Bd7 39. Ke3 Bxg4 40. Kxe4 Kf7 41. Bxg5 Ke8 42. d6 Bd1 43. Kd5 Kd7 44. Kc5 Ba4 45. Bf4 Bb5 46. Kb6 Be2 47. a4 Bd3 1/2-1/2

[Event "Groningen op"]
[Site "Groningen"]
[Date "1995.??.??"]
[Round "?"]
[White "Berelowitsch, Alexander"]
[Black "Novikov, Yury A"]
[Result "1/2-1/2"]
[WhiteElo "2455"]
[BlackElo "2335"]
[PlyCount "91"]
[EventDate "1995.12.??"]
[EventType "swiss"]
[EventRounds "11"]
[EventCountry "NED"]
[SourceTitle "CBM 050 Extra"]
[Source "ChessBase"]
[SourceDate "1996.03.01"]
[SourceVersion "1"]
[SourceVersionDate "1996.03.01"]
[SourceQuality "1"]

1. e4 e5 2. Nf3 Nc6 3. Bb5 g6 4. 0-0 Bg7 5. c3 a6 6. Ba4 d6 7. d4 Bd7 8. Bg5 f6 9. Be3 Nh6 10. h3 Nf7 11. c4 0-0 12. Nc3 f5 13. dxe5 Nfxe5 14. Nxe5 Nxe5 15. Bxd7 Qxd7 16. exf5 Qxf5 17. Nd5 Qf7 18. b3 Rad8 19. Bg5 Rde8 20. Qd2 c6 21. Ne3 Nd7 22. Rad1 Nc5 23. f3 Ne6 24. Bh4 Nf4 25. Rfe1 Re6 26. Ng4 Rfe8 27. Rxe6 Rxe6 28. Re1 Rxe1+ 29. Qxe1 Qe6 30. Nf6+ Bxf6 31. Qxe6+ Nxe6 32. Bxf6 Kf7 33. Bc3 d5 34. cxd5 cxd5 35. Kf2 d4 36. Bb4 Kf6 37. Bd6 Nd8 38. Ke2 Ke6 39. Ba3 Kd5 40. Bc1 Nc6 41. Ba3 b5 42. Bf8 a5 43. Kd3 Ne5+ 44. Kc2 Nc6 45. Kd3 Ne5+ 46. Kc2 1/2-1/2

[Event "Groningen op"]
[Site "Groningen"]
[Date "1995.??.??"]
[Round "?"]
[White "David, Alberto"]
[Black "Novikov, Yury A"]
[Result "1-0"]
[WhiteElo "2465"]
[BlackElo "2335"]
[PlyCount "55"]
[EventDate "1995.12.??"]
[EventType "swiss"]
[EventRounds "11"]
[EventCountry "NED"]
[SourceTitle "CBM 050 Extra"]
[Source "ChessBase"]
[SourceDate "1996.03.01"]
[SourceVersion "1"]
[SourceVersionDate "1996.03.01"]
[SourceQuality "1"]

1. e4 e5 2. f4 exf4 3. Nf3 d6 4. d4 g5 5. h4 g4 6. Ng1 Bh6 7. Nc3 f5 8. Nge2 fxe4 9. Nxf4 Bf5 10. Be2 Qd7 11. 0-0 Nc6 12. Nh5 e3 13. Nd5 Qf7 14. Nhf6+ Nxf6 15. Rxf5 Qxd5 16. Rxd5 Nxd5 17. Bxg4 Rf8 18. Be6 Nf6 19. Qd3 Ke7 20. Bb3 Rae8 21. Bxe3 Bg7 22. Bg5 Kd7 23. Qf5+ Kd8 24. Qxh7 Re7 25. Qg6 Nxd4 26. Rf1 Ne2+ 27. Kh2 Ng4+ 28. Kh3 1-0

[Event "Frydek Mistek op-B"]
[Site "Frydek Mistek"]
[Date "1995.??.??"]
[Round "?"]
[White "Novikov, Yury A"]
[Black "Dziadykiewcz, Tadeusz"]
[Result "1/2-1/2"]
[WhiteElo "2245"]
[BlackElo "2065"]
[PlyCount "58"]
[EventDate "1995.??.??"]
[EventType "swiss"]
[EventRounds "9"]
[EventCountry "CZE"]
[SourceTitle "EXT 1999"]
[Source "ChessBase"]
[SourceDate "1998.11.16"]
[SourceVersion "1"]
[SourceVersionDate "1998.11.16"]
[SourceQuality "1"]

1. e4 e5 2. Nf3 Nc6 3. Bb5 f5 4. Nc3 fxe4 5. Nxe4 d5 6. Ng3 Bg4 7. h3 Bxf3 8. Qxf3 Nf6 9. 0-0 Bd6 10. Nh5 e4 11. Nxf6+ Qxf6 12. Qxf6 gxf6 13. d3 0-0-0 14. dxe4 dxe4 15. Re1 f5 16. Kf1 Ne5 17. Be3 a6 18. Be2 Rhg8 19. Rad1 Rdf8 20. g3 Rf6 21. Bf4 Nf7 22. Bc1 Be5 23. Bc4 Rd8 24. Rxd8+ Nxd8 25. c3 Ne6 26. g4 Ng7 27. Be2 fxg4 28. hxg4 Bf4 29. Bxf4 Rxf4 1/2-1/2

[Event "Frydek Mistek op-B"]
[Site "Frydek Mistek"]
[Date "1995.??.??"]
[Round "?"]
[White "Novikov, Yury A"]
[Black "Korolchuk, Nikolav"]
[Result "1/2-1/2"]
[WhiteElo "2245"]
[BlackElo "2315"]
[PlyCount "141"]
[EventDate "1995.??.??"]
[EventType "swiss"]
[EventRounds "9"]
[EventCountry "CZE"]
[SourceTitle "EXT 1999"]
[Source "ChessBase"]
[SourceDate "1998.11.16"]
[SourceVersion "1"]
[SourceVersionDate "1998.11.16"]
[SourceQuality "1"]

1. e4 e6 2. d4 d5 3. Nd2 a6 4. Ngf3 c5 5. exd5 exd5 6. dxc5 Bxc5 7. Nb3 Be7 8. Be2 Nf6 9. 0-0 0-0 10. Bg5 Nc6 11. Re1 Re8 12. c3 h6 13. Bh4 Bf5 14. Nfd4 Be4 15. f3 Bg6 16. Bd3 Nxd4 17. Nxd4 Bxd3 18. Qxd3 Qb6 19. Qc2 Bc5 20. Bf2 Rac8 21. Nf5 d4 22. cxd4 Bf8 23. Qd2 Rxe1+ 24. Bxe1 Nd5 25. Bf2 Qg6 26. Ne3 Bb4 27. Nxd5 Bxd2 28. Ne7+ Kf8 29. Nxg6+ fxg6 30. d5 Bg5 31. Bd4 Bf6 32. Bxf6 gxf6 33. Re1 Rc2 34. Re6 Rxb2 35. Rxf6+ Kg7 36. Rd6 a5 37. a4 b5 38. axb5 Rxb5 39. Rd8 a4 40. Ra8 Rxd5 41. Rxa4 Rd2 42. Re4 Kf6 43. Kf1 Ra2 44. Re2 Ra4 45. Kf2 Rb4 46. g4 g5 47. Rc2 Rb3 48. Rc4 Kg6 49. h4 Ra3 50. h5+ Kg7 51. Rc7+ Kg8 52. Rd7 Ra4 53. Ke3 Rf4 54. Rd4 Rf7 55. f4 gxf4+ 56. Rxf4 Ra7 57. Rf6 Kg7 58. Rg6+ Kh7 59. Kf4 Ra5 60. Re6 Kg7 61. Re7+ Kg8 62. Re5 Ra7 63. Kf5 Kg7 64. Rd5 Rb7 65. Rd6 Rb5+ 66. Ke6 Rb7 67. Ke5 Rb5+ 68. Rd5 Rb7 69. Kf5 Rf7+ 70. Ke6 Rf4 71. g5 1/2-1/2